100 % photoshop : (Record no. 115637)
[ view plain ]
| 000 -LEADER | |
|---|---|
| fixed length control field | 00569nam a2200193Ia 4500 |
| 008 - FIXED-LENGTH DATA ELEMENTS--GENERAL INFORMATION | |
| fixed length control field | 140429s9999 xx 000 0 und d |
| 020 ## - INTERNATIONAL STANDARD BOOK NUMBER | |
| International Standard Book Number | 9780240814254 |
| 050 ## - LIBRARY OF CONGRESS CALL NUMBER | |
| Classification number | T385 |
| Item number | .C244 2010 |
| 100 ## - MAIN ENTRY--PERSONAL NAME | |
| Personal name | Caplin, Steve |
| 245 ## - TITLE STATEMENT | |
| Title | 100 % photoshop : |
| Remainder of title | create stunning artwork without using any photographs / |
| Statement of responsibility, etc | Steve Caplin. |
| 260 ## - PUBLICATION, DISTRIBUTION, ETC. (IMPRINT) | |
| Place of publication, distribution, etc | Massachusetts : |
| Name of publisher, distributor, etc | Focal Press, |
| Date of publication, distribution, etc | c2010. |
| 300 ## - PHYSICAL DESCRIPTION | |
| Extent | 250 p. : |
| Other physical details | col. ill. ; |
| Dimensions | 25 cm. |
| 500 ## - GENERAL NOTE | |
| General note | Includes index. |
| 521 ## - TARGET AUDIENCE NOTE | |
| Target audience note | |
| 650 ## - SUBJECT ADDED ENTRY--TOPICAL TERM | |
| Topical term or geographic name as entry element | Adobe Photoshop. |
| 650 ## - SUBJECT ADDED ENTRY--TOPICAL TERM | |
| Topical term or geographic name as entry element | Digital art. |
| 942 ## - ADDED ENTRY ELEMENTS (KOHA) | |
| Call number prefix | Foreign |
| Koha item type | Books |
| Withdrawn status | Lost status | Source of classification or shelving scheme | Damaged status | Home library | Current library | Shelving location | Date acquired | Source of acquisition | Total Checkouts | Total Renewals | Full call number | Barcode | Date last seen | Date checked out | Price effective from | Koha item type |
|---|---|---|---|---|---|---|---|---|---|---|---|---|---|---|---|---|
| Library of Congress Classification | Archives | Archives | 04/29/2014 | Library Fund | 1 | 1 | T385 .C244 2010 | C16934 | 05/15/2018 | 03/06/2015 | 04/29/2014 | Books |